[Event "Tirnavia-C"]
[Site "Trnava"]
[Date "1988.??.??"]
[Round "4"]
[White "Veselsky, Jozef"]
[Black "Lendwai, Reinhard"]
[Result "1-0"]
[WhiteElo "2200"]
[BlackElo "2295"]

1.d4 Nf6 2.Nf3 e6 3.c4 b6 4.g3 Ba6 5.Qc2 Bb7 6.Bg2 c5 7.dxc5 Bxc5 8.O-O Be4
9.Qa4 O-O 10.Nc3 Bc6 11.Qc2 Be7 12.a3 d6 13.Rd1 Qc7 14.Bf4 Rd8 15.Rac1 Ne8
16.Nd5 Qb7 17.Nxe7+ Qxe7 18.Ng5 Nf6 19.Ne4 Ne8 20.Qd3 e5 21.Bg5 f6 22.Be3 Qb7
23.c5 d5 24.cxb6 d4 25.Nc5 Qxb6 26.Qc4+ Kh8 27.Bxc6 Qxc6 28.Ne6 Qxc4 29.Rxc4 Rd6
30.Nc7 Nxc7 31.Rxc7 Na6 32.Rc4 Rb6 33.Bc1 Kg8 34.b4 Rd8 35.e3 d3 36.e4 Kf7
37.Be3 Rb7 38.Rc3 Rbd7 39.Kf1 Nc7 40.Rc5 Rb8 41.Rc6 Ne6 42.Rc3 Rbd8 43.a4 g6
44.b5 f5 45.f3 fxe4 46.fxe4 Ke7 47.Ke1 h5 48.h4 Rd4 49.Bxd4 Rxd4 50.Rdxd3 Rxa4
51.Ra3 Rxe4+ 52.Re3 Rb4 53.Rxe5 Kd6 54.Rae3 Nd4 55.Kf1 Rb1+ 56.Kg2 Rb2+ 57.Kh3 Nf3
58.Re6+ Kd5 59.g4 Ng1+ 60.Kg3 hxg4 61.Rxg6 Kd4 62.Re1 Ne2+ 63.Kxg4 Nc3 64.h5 Nxb5
65.Ra6 Rg2+ 66.Kf5 Rf2+ 67.Kg6 Rg2+ 68.Kh7 Nc3 69.Rxa7 Rg5 70.Rd7+ Kc5 71.h6 Nd5
72.Rf7 Kd6 73.Re8 Rg2 74.Kh8 Rg4 75.h7 Nf4 76.Rf6+ Kd7 77.Rg8 Rh4 78.Rg7+ Ke8
79.Kg8  1-0

[Event "Candidats (Women)"]
[Site "Tskhaltubo"]
[Date "1988.??.??"]
[Round "?"]
[White "Akhmilovskaya, Elena"]
[Black "Ioseliani, Nana"]
[Result "0-1"]
[WhiteElo "2400"]
[BlackElo "2455"]

1.d4 Nf6 2.c4 e6 3.Nf3 b6 4.g3 Ba6 5.b3 Bb7 6.Bg2 Bb4+ 7.Bd2 a5 8.Nc3 O-O
9.O-O d5 10.Ne5 Nbd7 11.cxd5 exd5 12.Nd3 Re8 13.a3 Bf8 14.b4 axb4 15.axb4 Ne4
16.Qc2 c6 17.Nxe4 dxe4 18.Ne5 Nxe5 19.dxe5 c5 20.bxc5 Bxc5 21.Bc3 Qd5 22.Qb2 Rxa1
23.Qxa1 Ra8 24.Qc1 h6 25.Bh3 e3 26.f3 Qc4 27.Re1 Ra3 28.Bb2 Qxc1 29.Rxc1 Ra2
30.Bc3 Rxe2 31.Bg2 Ra2 32.h4 e2+ 33.Kh1 Be3 34.Re1 Bf2 35.Rb1 Bxg3 36.h5 Bc8
37.Kg1 Bf5  0-1

[Event "URS-ch otbor56"]
[Site "Uzhgorod"]
[Date "1988.??.??"]
[Round "?"]
[White "Ruban, Vadim"]
[Black "Balashov, Yuri S"]
[Result "1/2-1/2"]
[WhiteElo "2395"]
[BlackElo "2540"]

1.d4 Nf6 2.c4 e6 3.Nf3 b6 4.g3 Ba6 5.b3 Bb7 6.Bg2 Bb4+ 7.Bd2 a5 8.O-O O-O
9.Bc3 d5 10.Ne5 Nbd7 11.Nd3 Bd6 12.Bb2 c5 13.dxc5 bxc5 14.Nc3 Qb8 15.cxd5 exd5
16.Na4 d4 17.Bxb7 Qxb7 18.Rc1 Rfc8 19.Ba3 Ne4 20.f3 c4 21.Bxd6 Nxd6 22.bxc4 Nxc4
23.Qb3 Qa6 24.Nac5  1/2-1/2

[Event "Vrnjacka Banja"]
[Site "Vrnjacka Banja"]
[Date "1988.??.??"]
[Round "?"]
[White "Gunawan, Ronny"]
[Black "Pavlovic, Milos"]
[Result "1-0"]
[WhiteElo "2440"]
[BlackElo "2460"]

1.d4 Nf6 2.c4 e6 3.Nf3 b6 4.g3 Ba6 5.Qa4 Bb7 6.Bg2 Be7 7.O-O O-O 8.Nc3 Ne4
9.Nxe4 Bxe4 10.Rd1 Qc8 11.Be3 d6 12.Rac1 a6 13.b4 Nd7 14.Ne5 b5 15.Qb3 bxc4
16.Nxc4 Bxg2 17.Kxg2 Qb7+ 18.f3 d5 19.Na5 Qxb4 20.Nc6 Qa3 21.Rd3 Qd6 22.Bf4 e5
23.dxe5 Qe6 24.Nxe7+ Qxe7 25.Rxc7 Rac8 26.Rxc8 Rxc8 27.Qxd5 Nf8 28.Qd6 Qa7
29.Be3 Qa8 30.Qd5 Qb8 31.Rb3 Qc7 32.Rb7  1-0

[Event "Warsaw"]
[Site "Warsaw"]
[Date "1988.??.??"]
[Round "5"]
[White "Baumbach, Friedrich"]
[Black "Szypulski, Andrzej"]
[Result "0-1"]
[WhiteElo "2315"]
[BlackElo "2350"]

1.d4 Nf6 2.c4 e6 3.Nf3 b6 4.g3 Ba6 5.b3 Bb7 6.Bg2 Bb4+ 7.Bd2 a5 8.O-O O-O
9.Bf4 a4 10.bxa4 d6 11.Qb3 Ba5 12.Na3 Nbd7 13.Nb5 h6 14.h4 Ne4 15.Rad1 f5
16.Nd2 Ndf6 17.f3 Bxd2 18.fxe4 Bxf4 19.Rxf4 Bxe4 20.c5 Bd5 21.Bxd5 Nxd5 22.Rf3 bxc5
23.dxc5 dxc5 24.Nc3 c6 25.e4 fxe4 26.Rxf8+ Qxf8 27.Nxe4 Qf5 28.Nxc5 Rf8 29.Nd3 Ne3
30.Re1 Qh3  0-1

[Event "Warsaw"]
[Site "Warsaw"]
[Date "1988.??.??"]
[Round "6"]
[White "Szypulski, Andrzej"]
[Black "Zielinski, Marek"]
[Result "1/2-1/2"]
[WhiteElo "2350"]
[BlackElo "2395"]

1.d4 Nf6 2.Nf3 e6 3.c4 b6 4.g3 Ba6 5.Qa4 Bb7 6.Bg2 c5 7.dxc5 Bxc5 8.O-O Be7
9.Nc3 O-O 10.Bf4 Bc6 11.Qc2 Qc8 12.Rac1 a6 13.e4 d6 14.Rfd1 Rd8 15.Qe2 Ra7
16.Rc2 Rad7 17.b3 h6 18.a4 Ba8 19.Ne1 Bf8 20.Be3 Qc7 21.f4 Rc8 22.h3 Rdd8
23.Bf3 Nbd7 24.Qg2 g6 25.Kh2  1/2-1/2

[Event "Hoogovens-B"]
[Site "Wijk aan Zee"]
[Date "1988.??.??"]
[Round "?"]
[White "Cifuentes Parada, Roberto"]
[Black "Brenninkmeijer, Joris"]
[Result "1/2-1/2"]
[WhiteElo "2530"]
[BlackElo "2385"]

1.d4 Nf6 2.Nf3 e6 3.c4 b6 4.g3 Ba6 5.b3 Bb4+ 6.Bd2 Be7 7.Bg2 c6 8.Ne5 d5
9.Bc3 Nfd7 10.Nxd7 Nxd7 11.Nd2 O-O 12.O-O f5 13.a4 Nf6 14.Bb2 Bb4 15.Rc1 Rc8
16.Nf3 Qe7 17.Ne5 Bd6 18.Rc2 c5 19.dxc5 Bxc5 20.cxd5 Nxd5 21.Bxd5 exd5 22.Qxd5+ Kh8
23.Rd2 Bb4 24.Rd4 Rc5 25.Nf7+ Rxf7 26.Qd8+ Qf8 27.Qxf8+ Rxf8 28.Rxb4 Rc2
29.Ba3 Rd8 30.Rf4 g6 31.Kg2 Kg7 32.Rc1 Rxc1 33.Bxc1 Bxe2 34.Rb4 Rd3 35.Be3 Bd1
36.Rc4 Rd7 37.Rc3 Kf6 38.f3 Be2 39.Kf2 Ba6 40.a5 Bb7 41.axb6 axb6 42.Bxb6 Rd2+
43.Ke3 Rxh2 44.Bd4+ Ke6 45.Rc7 Bd5 46.b4 Rg2 47.Rc3 Rxg3 48.Kf4 Rg2 49.Re3+ Kd6
50.Be5+ Kc6 51.Rc3+ Kd7 52.Bd4 Bc6 53.Bc5 h5 54.Re3 h4 55.Re7+ Kc8 56.Rh7 Rg3
57.Rxh4 Rxf3+ 58.Ke5 Kb7  1/2-1/2

[Event "Hoogovens-B"]
[Site "Wijk aan Zee"]
[Date "1988.??.??"]
[Round "?"]
[White "Ligterink, Gert"]
[Black "Winants, Luc"]
[Result "1-0"]
[WhiteElo "2455"]
[BlackElo "2465"]

1.d4 Nf6 2.c4 e6 3.Nf3 b6 4.g3 Ba6 5.Qb3 Nc6 6.Nbd2 Na5 7.Qc2 c5 8.e4 cxd4
9.e5 Ng4 10.h3 Nh6 11.Bd3 Nc6 12.a3 Qc7 13.Ne4 Ng8 14.Bf4 h6 15.h4 f5 16.exf6 e5
17.fxg7 Bxg7 18.Bd2 Nge7 19.O-O Rf8 20.Kg2 Bb7 21.c5 bxc5 22.Qxc5 Nf5 23.g4 d6
24.Qb5 d5 25.gxf5 dxe4 26.Bxe4 Qb6 27.Qa4 Ke7 28.Rac1 Rac8 29.Rfe1 Rfd8 30.Kh3 Rd6
31.Rg1 Kf8 32.Rg2 Ne7 33.Rxc8+ Bxc8 34.Bb4 Nxf5 35.Kh2 Bd7 36.Qxd7  1-0

[Event "Nordic-tt"]
[Site "Aabybro"]
[Date "1989.??.??"]
[Round "?"]
[White "Engqvist, Thomas"]
[Black "Olafsson, Helgi"]
[Result "1/2-1/2"]
[WhiteElo "2305"]
[BlackElo "2545"]

1.d4 Nf6 2.c4 e6 3.Nf3 b6 4.g3 Ba6 5.b3 Bb4+ 6.Bd2 Be7 7.Bg2 O-O 8.O-O c6
9.Bc3 d5 10.Ne5 Nfd7 11.Nxd7 Nxd7 12.Nd2 Rc8 13.e4 dxe4 14.Bxe4 c5 15.d5 Bf6
16.Qc2 exd5 17.Bxd5 Bxc3 18.Qxc3 Nf6 19.Bg2 Rc7 20.Ne4  1/2-1/2

[Event "Aarhus int"]
[Site "Aarhus"]
[Date "1989.??.??"]
[Round "6"]
[White "Jasnikowski, Zbigniew"]
[Black "Rodgaard, John"]
[Result "1/2-1/2"]
[WhiteElo "2430"]
[BlackElo "2360"]

1.d4 e6 2.Nf3 Nf6 3.c4 b6 4.g3 Ba6 5.b3 b5 6.cxb5 Bxb5 7.Bg2 c5 8.O-O Bc6
9.Ba3 Na6 10.Nbd2 Be7 11.e4 O-O 12.Qe2 Bb7 13.Rac1 Rc8 14.Rfd1 d5 15.exd5 Nxd5
16.Nc4 Nab4 17.dxc5 Bxc5 18.Nfe5 Qe7 19.Na5 Ba6 20.Qf3 Qc7 21.Nec6 Qb6 22.Bxb4  1/2-1/2

[Event "ARG-ch"]
[Site "?"]
[Date "1989.??.??"]
[Round "2"]
[White "Needleman, Alejandro"]
[Black "Contin, Daniel"]
[Result "1/2-1/2"]
[WhiteElo "2280"]
[BlackElo "2310"]

1.d4 e6 2.Nf3 Nf6 3.c4 b6 4.g3 Ba6 5.Nbd2 c5 6.Bg2 Bb7 7.O-O cxd4 8.Nxd4 Bxg2
9.Kxg2 Qc7 10.b3 Be7 11.Bb2 Qb7+ 12.Kg1 a6 13.e3 O-O 14.Qf3 Ra7 15.a4 Rc8
16.Rfd1 d6 17.a5 Nbd7 18.Qxb7 Rxb7 19.axb6 Nc5 20.Bc3 Rxb6 21.Ba5 Rb7 22.b4 Nce4
23.Nxe4 Nxe4 24.f3 Nf6 25.Rdc1 Nd7 26.b5 Nc5 27.bxa6 Nxa6 28.Bd8 Bxd8 29.Rxa6 Rb6
30.Rxb6 Bxb6 31.Kf2 Kf8 32.Ke2 d5 33.Kd3 e5 34.Nb3 dxc4+ 35.Rxc4 Rxc4 36.Kxc4 Bxe3
37.Kd5 f6 38.Ke6 h5 39.g4 hxg4 40.fxg4 Bf4 41.h3 Be3 42.Na5 Ba7 43.Nb3 Be3
44.Na5 Bg5 45.Nb3 e4 46.Kf5 e3 47.Nd4 Kf7 48.Ke4 Kg6 49.Kf3 Bh6 50.h4 Kh7  1/2-1/2

[Event "Augustow"]
[Site "Augustow"]
[Date "1989.??.??"]
[Round "5"]
[White "Morchat, Miroslaw"]
[Black "Szypulski, Andrzej"]
[Result "0-1"]
[WhiteElo "2285"]
[BlackElo "2390"]

1.d4 Nf6 2.c4 e6 3.Nf3 b6 4.g3 Ba6 5.b3 Bb7 6.Bg2 Bb4+ 7.Bd2 a5 8.O-O O-O
9.Bc3 d5 10.cxd5 Bxd5 11.Bb2 Qe7 12.a3 Bd6 13.Nc3 Bb7 14.Qc2 Nbd7 15.e4 e5
16.dxe5 Nxe5 17.Nd4 g6 18.Ncb5 Bc5 19.b4 axb4 20.axb4 Bxb4 21.Qxc7 Rxa1 22.Rxa1 Qxc7
23.Nxc7 Bxe4 24.Ndb5 Bxg2 25.Kxg2 Ned7 26.Rd1 Be7 27.Re1 Bd8 28.Ba3 Nc5 29.Bxc5 bxc5
30.Re5 Bxc7 31.Nxc7 c4 32.Rc5 Rc8 33.Kf3 Ne8 34.Ne6 Rxc5 35.Nxc5 Nd6 36.Ke3 Nb5
37.Ne4 Kg7 38.Nd2 c3 39.Nb3 Kf6 40.Kd3 Ke5 41.Kc4 Ke4 42.Kxb5 Kf3 43.Kc4 Kxf2
44.Kxc3 Kg2 45.Nc1 Kxh2 46.Ne2 Kg2 47.Kd3 Kf2 48.Kd2 h5 49.Kd3 g5 50.Kd2 h4
51.gxh4 gxh4 52.Nf4 Kf3 53.Nh3 Kg3 54.Ng5 f6 55.Ne4+ Kf3 56.Kd3 h3 57.Nd2+ Kg2  0-1

[Event "Augustow"]
[Site "Augustow"]
[Date "1989.??.??"]
[Round "9"]
[White "Terzic, Safet"]
[Black "Ostrowski, Leszek"]
[Result "1/2-1/2"]
[WhiteElo "2360"]
[BlackElo "2380"]

1.d4 Nf6 2.c4 e6 3.Nf3 b6 4.g3 Ba6 5.Qc2 c5 6.Bg2 Nc6 7.O-O cxd4 8.Qa4 Qc8
9.Rd1 Bb7 10.Nxd4 Nxd4 11.Rxd4 Bc5 12.Rh4 Bxg2 13.Kxg2 Qb7+ 14.f3 O-O 15.Nc3 d5
16.Bg5 Be7 17.cxd5 exd5 18.Rd1 h6 19.Bxh6 gxh6 20.Rxh6 Kg7 21.Qh4 Rg8 22.Qg5+ Kf8
23.Qf5 Qc6 24.Nxd5 Nxd5 25.Qxd5 Qxd5 26.Rxd5 Rc8 27.Rd7 Rc2 28.Rxa7 Rxe2+
29.Kf1 Rxb2 30.Rb7 Ke8 31.Rh5 Kf8 32.Rh7 Rd2 33.f4 Ke8 34.f5 Rf8 35.g4 Rd4
36.Rh3 f6 37.Re3 Rf7 38.Re6 Kf8 39.h3 Rh7 40.Rb8+ Rd8 41.Rb7 Re8 42.g5 fxg5
43.f6 Rf7 44.Rbxe7 Rxf6+ 45.Rxf6+ Kxe7  1/2-1/2

[Event "AUT-chT"]
[Site "?"]
[Date "1989.??.??"]
[Round "?"]
[White "Denk, Adolf"]
[Black "Titz, Heimo"]
[Result "1/2-1/2"]
[WhiteElo "2255"]
[BlackElo "2210"]

1.d4 Nf6 2.Nf3 e6 3.c4 b6 4.g3 Ba6 5.b3 Bb4+ 6.Bd2 Be7 7.Bg2 Bb7 8.Nc3 O-O
9.Qc2 d5 10.cxd5 exd5 11.O-O Nbd7 12.Rac1 a6 13.Bf4 Ba3 14.Rcd1 Bd6 15.Bxd6 cxd6
16.Nd2 Rc8 17.Rc1 b5 18.Qd3 Qa5 19.e4 dxe4 20.Ncxe4 Bxe4 21.Nxe4 Rxc1 22.Rxc1 Qxa2
23.Nxf6+ Nxf6 24.Qc3 Qe2 25.Bf3 Qe6 26.Re1 Qd7 27.Ra1 Qa7 28.Qc6 Qxd4 29.Rxa6 Qd3
30.Kg2 Qxb3 31.Qxd6 h5 32.h4 Rc8 33.Ra3 Qb2 34.Re3 b4 35.Re2 Qb1 36.Qa6 Rc1
37.Qa8+ Kh7 38.Be4+ Nxe4 39.Qxe4+ Qxe4+ 40.Rxe4 b3 41.Rb4 Rc3 42.Rb5 g6 43.Rb7 Kg7
44.Rb6 Kf8 45.Rb7 Ke8 46.Kf1 Kd8 47.Ke1 Kc8 48.Rb4 Kd7 49.Kd2 Rc2+ 50.Kd1 Rxf2
51.Rxb3 Ke6 52.Ke1 Rg2 53.Kf1 Rd2 54.Rb5 f6 55.Ra5 Rd4 56.Ra6+ Ke5 57.Ke2 Rb4
58.Ra3 f5 59.Kf3 Rg4 60.Ra5+ Kf6 61.Ra6+ Kg7 62.Ra7+ Kh6  1/2-1/2

[Event "Bad Orb op"]
[Site "Bad Orb"]
[Date "1989.??.??"]
[Round "?"]
[White "Gupta, Milon"]
[Black "Joecks, Christian"]
[Result "0-1"]
[WhiteElo "2260"]
[BlackElo "2310"]

1.d4 Nf6 2.c4 e6 3.Nf3 b6 4.g3 Ba6 5.Nbd2 Bb7 6.Bg2 Be7 7.O-O O-O 8.Qc2 d5
9.Ne5 c5 10.dxc5 bxc5 11.cxd5 exd5 12.Ndc4 Qc7 13.Bf4 g5 14.Bxg5 dxc4 15.Qf5 Ne8
16.Bxb7 Qxb7 17.Ng4 f6 18.Qe6+ Kh8 19.Bh6 Nc6 20.Bxf8 Nc7 21.Qxc4 Rxf8 22.Rad1 Nd4
23.b4 Nce6 24.f3 h5 25.bxc5 Bxc5 26.Nf2 Rg8 27.Rfe1 Qc6 28.Qc1 Rg6 29.Kf1 h4
30.Ne4 hxg3 31.hxg3 Qc7 32.Rd3 f5 33.Rxd4 fxe4 34.f4 Nxd4 35.Kg2 Bd6 36.Rh1+ Kg8  0-1

[Event "Belfort op"]
[Site "Belfort"]
[Date "1989.??.??"]
[Round "8"]
[White "Roeder, Mathias"]
[Black "Roos, Celine"]
[Result "1-0"]
[WhiteElo "2435"]
[BlackElo "2145"]

1.d4 Nf6 2.Nf3 e6 3.c4 b6 4.g3 Ba6 5.b3 c6 6.Bg2 Bb4+ 7.Bd2 Be7 8.Bc3 d5
9.Nbd2 Bb7 10.O-O O-O 11.Re1 Nbd7 12.e4 a5 13.Rc1 Ra7 14.Rc2 Qa8 15.e5 Ne8
16.cxd5 cxd5 17.Bf1 Ba6 18.Bxa6 Rxa6 19.Qe2 Nb8 20.Rec1 Qb7 21.a4 Ra8 22.Nb1 g6
23.Bd2 Na6 24.Bh6 Ng7 25.Qb5 Rfe8 26.Rc6 Rab8 27.g4 Bf8 28.Kg2 Red8 29.Bg5 Re8
30.h3 Be7 31.Bf6 h6 32.Ne1 Bf8 33.Nd3 Qa7 34.Nd2 Ba3 35.R1c3 Bf8 36.Nf3 Be7
37.Nfe1 Qb7 38.Nc2 Bf8 39.b4 axb4 40.Ncxb4 Bxb4 41.Nxb4 Nxb4 42.Qxb4 Qa6
43.Rc7 Rf8 44.Bxg7 Kxg7 45.Qe7 Qxa4 46.Qxe6 Qe8 47.Qf6+ Kg8 48.Re7 Qd8 49.e6 b5
50.exf7+  1-0

[Event "Bern"]
[Site "Bern"]
[Date "1989.??.??"]
[Round "?"]
[White "Jukic, Mirko"]
[Black "Silva, Marco"]
[Result "0-1"]
[WhiteElo "2475"]
[BlackElo "2330"]

1.d4 Nf6 2.c4 e6 3.Nf3 b6 4.g3 Ba6 5.b3 Bb4+ 6.Bd2 Be7 7.Bg2 O-O 8.O-O c6
9.Bc3 d5 10.Nbd2 Nbd7 11.Re1 Rc8 12.e4 dxe4 13.Nxe4 Nxe4 14.Rxe4 Bf6 15.Re3 Qc7
16.Qc2 Rfd8 17.Rd1 Bb7 18.Red3 h6 19.Bd2 e5 20.dxe5 Nxe5 21.Bf4 Rxd3 22.Rxd3 Re8
23.Nxe5 Bxe5 24.Re3 Re7 25.Qe4 f6 26.c5 Kf8 27.cxb6 axb6 28.Bxe5 Rxe5 29.Qf4 Re7
30.Qf3 Rxe3 31.Qxe3 c5 32.Bxb7 Qxb7 33.Qe6 Qe7 34.Qxb6 Qe1+ 35.Kg2 Qe4+ 36.Kf1 Qb1+
37.Ke2 Qxa2+ 38.Ke3 Qc2 39.h4 Qc3+ 40.Kf4 Qd4+ 41.Kf5 Qe5+ 42.Kg4 Qe4+ 43.f4 h5+
44.Kxh5 Qf5+  0-1

[Event "Bern"]
[Site "Bern"]
[Date "1989.??.??"]
[Round "?"]
[White "Jukic, Mirko"]
[Black "Klinger, Josef"]
[Result "1-0"]
[WhiteElo "2475"]
[BlackElo "2475"]

1.d4 e6 2.c4 Nf6 3.Nf3 b6 4.g3 Ba6 5.Qa4 Bb7 6.Bg2 Na6 7.Nc3 Bb4 8.Bd2 O-O
9.O-O Qc8 10.Rfd1 c5 11.a3 Bc6 12.Qc2 cxd4 13.axb4 Nxb4 14.Qc1 dxc3 15.Bxc3 Bxf3
16.Bxf3 Nc6 17.Bxf6 gxf6 18.Qh6 f5 19.Rd6 f6 20.Rad1 Rf7 21.Bh5 Re7 22.Qxf6 Qf8
23.Qxf8+ Kxf8 24.Rxd7 Rc8 25.e3 Rc7 26.R7d3 Ne5 27.Rd8+ Kg7 28.b3 Nd7 29.Be2 a5
30.Rd6 Kf6 31.Bd1 Rg7 32.Rd4 Ke7 33.Ra8 Ne5 34.Kf1 Nc6 35.Rd3 Rd7 36.Rxd7+ Kxd7
37.Bf3 Kd6 38.Bxc6 Kxc6 39.Re8 Kd7 40.Rh8 Re7 41.Ke2 Kc6 42.Kd3 Kd7 43.Kc3 Kd6
44.f3 Ra7 45.f4 Rd7 46.Rb8 Kc7 47.Re8 Kd6 48.Kb2 Rg7 49.Rb8 Kc5 50.Ka3 Rg6
51.Ka4 Rh6 52.Rc8+ Kd6 53.Kb5 Rxh2 54.Rc6+ Kd7 55.Rxb6 Re2 56.Kxa5 Rxe3 57.b4 Rxg3
58.b5 h5 59.c5 Ra3+ 60.Kb4 Rf3 61.c6+ Kd6 62.Rb7 Rxf4+ 63.Ka5 Rf1 64.Kb6 e5
65.Rd7+ Ke6 66.Rh7 Rc1 67.Rh6+ Ke7 68.Rxh5 Kf6 69.Rh6+ Ke7 70.c7 Kd7 71.Rh8 e4
72.Rd8+ Ke6 73.c8=Q+ Rxc8 74.Rxc8 f4 75.Kc5 e3  1-0

[Event "Bled op"]
[Site "Bled"]
[Date "1989.??.??"]
[Round "4"]
[White "Polajzer, Danilo"]
[Black "Sher, Miron N"]
[Result "1/2-1/2"]
[WhiteElo "2345"]
[BlackElo "2460"]

1.d4 Nf6 2.Nf3 e6 3.c4 b6 4.g3 Ba6 5.b3 Bb7 6.Bg2 Bb4+ 7.Bd2 a5 8.Nc3 Ne4
9.Nxe4 Bxe4 10.O-O O-O 11.Ne1 Bxg2 12.Nxg2 d5 13.cxd5 exd5 14.a3 Be7 15.Qc2 Qd7
16.Nf4 Nc6 17.Be3 Na7 18.Rfc1 c6 19.Nd3 Rac8 20.b4 axb4 21.axb4 Bf6 22.Ne5 Bxe5
23.dxe5 d4 24.Bxd4 Qxd4 25.Rxa7 Qxb4 26.Rb1 Qd4 27.e3 Qxe5  1/2-1/2

[Event "Spring op"]
[Site "Budapest"]
[Date "1989.??.??"]
[Round "?"]
[White "Gauglitz, Gernot"]
[Black "Sher, Miron N"]
[Result "0-1"]
[WhiteElo "2410"]
[BlackElo "2460"]

1.d4 Nf6 2.c4 e6 3.Nf3 b6 4.g3 Ba6 5.b3 Bb7 6.Bg2 Bb4+ 7.Bd2 a5 8.O-O O-O
9.Bf4 a4 10.bxa4 Be7 11.Qb3 Nc6 12.Nbd2 Nh5 13.e4 f5 14.Be3 fxe4 15.Nxe4 Na5
16.Qd3 Bxe4 17.Qxe4 Nxc4 18.Ne5 Rxa4 19.Nxc4 Rxc4 20.Qd3 d5 21.Bh3 Qd6 22.Rfe1 Bf6
23.Rac1 b5 24.Rxc4 bxc4 25.Qe2 g6 26.Bg4 Ng7 27.Bf4 Qb6 28.Be5 Bxe5 29.Qxe5 c5
30.dxc5 Qxc5 31.Bxe6+ Kh8 32.Re2 Re8 33.Qc3 Rxe6 34.Rxe6 d4 35.Qf3 Nxe6 36.Qf6+ Kg8
37.Qxe6+ Kg7 38.Qd7+ Kf6 39.Qd8+ Kf5 40.Qd7+ Ke4 41.Qxh7 Qc6 42.Qh3 Kd3 43.Qf1+ Kd2
44.f4 d3 45.g4 Kc2 46.f5 Qc5+ 47.Kg2 d2  0-1

[Event "Perenyi mem-B"]
[Site "Budapest"]
[Date "1989.??.??"]
[Round "?"]
[White "Pein, Malcolm"]
[Black "Novikov, Igor A"]
[Result "1-0"]
[WhiteElo "2405"]
[BlackElo "2490"]

1.d4 Nf6 2.c4 e6 3.Nf3 b6 4.g3 Ba6 5.Qa4 c5 6.Bg2 Bb7 7.O-O cxd4 8.Nxd4 Bxg2
9.Kxg2 Qc7 10.f3 a6 11.Rd1 Qb7 12.Bg5 Be7 13.Nc3 h6 14.Bxf6 Bxf6 15.Ne4 Be7
16.Rd3 O-O 17.Rad1 Rc8 18.Qb3 Ra7 19.Nc2 b5 20.cxb5 Qxb5 21.Nd4 Qxb3 22.Rxb3 d5
23.Rc3 Rxc3 24.Nxc3 Rb7 25.Rd2 Bf6 26.Nb3 Nd7 27.e4 Bxc3 28.bxc3 dxe4 29.fxe4 Ne5
30.Rd8+ Kh7 31.Rc8 a5 32.Ra8 Rc7 33.Rxa5 Nd3 34.Kf3 Rxc3 35.Ke2 Nb4 36.Nd2 Nc6
37.Ra6 Ne5 38.a4 Ng4 39.a5 Re3+ 40.Kd1 Nxh2 41.Rb6 Nf3 42.Nxf3 Rxf3 43.Kc2 Rxg3
44.Rb3 Rg2+ 45.Kb1 Rd2 46.a6 Rd8 47.Kc2 Kg6 48.a7 Ra8 49.Rb7 h5 50.Kd3 e5
51.Kc4 h4 52.Kb5 h3 53.Ka6 Kg5 54.Rb2 Kh4 55.Rb8 Rxa7+ 56.Kxa7 h2 57.Rh8+ Kg3
58.Kb6 Kg2 59.Kc5 h1=Q 60.Rxh1 Kxh1  1-0

[Event "Spring op"]
[Site "Budapest"]
[Date "1989.??.??"]
[Round "?"]
[White "Magerramov, Elmar"]
[Black "Vyzmanavin, Alexey"]
[Result "0-1"]
[WhiteElo "2440"]
[BlackElo "2550"]

1.d4 Nf6 2.c4 e6 3.Nf3 b6 4.g3 Ba6 5.b3 Bb4+ 6.Bd2 Be7 7.Bg2 d5 8.cxd5 exd5
9.Nc3 O-O 10.O-O Nbd7 11.Ne5 Bb7 12.Bf4 c6 13.Rc1 Nxe5 14.Bxe5 Nd7 15.Bf4 f5
16.Qd3 Kh8 17.Bh3 Bg5 18.e3 g6 19.Bxg5 Qxg5 20.Nb1 Qe7 21.Nd2 a5 22.Qb1 a4
23.b4 a3 24.Rc3 b5 25.Rb3 Nb6 26.f4 Nc4 27.Nf3 Bc8 28.Qc1 Be6 29.Qc3 Rae8
30.Re1 h6 31.Bf1 g5 32.Bxc4 dxc4 33.Rxa3 Bd5 34.Ne5 Kh7 35.Rf1 g4 36.Ra6 Ra8
37.Rxa8 Rxa8 38.a3 Qa7 39.Ra1 h5 40.Kf1 h4 41.Ke2 Kg8 42.Ng6 hxg3 43.hxg3 Qf7
44.Nh4 Be4 45.Kf2 Qe6 46.Ke2 Kf7 47.Kd2 Re8 48.Re1 Bd5 49.Kc1 Be4 50.Kb2 Ra8
51.Re2 Bd3 52.Rh2 Qxe3 53.Nxf5 Qg1 54.Nh6+ Kf8 55.Rc2 Bxc2 56.Qxc2 Qxd4+
57.Kb1 Qd3 58.Qxd3 cxd3 59.Nxg4 Rxa3 60.Kc1 Ke7 61.Ne5 Kd6 62.Kd2 Kd5 63.Nxd3  0-1

[Event "Spring op"]
[Site "Budapest"]
[Date "1989.??.??"]
[Round "?"]
[White "Naumkin, Igor"]
[Black "Kogan, Artur"]
[Result "1-0"]
[WhiteElo "2435"]
[BlackElo "2245"]

1.d4 Nf6 2.c4 e6 3.Nf3 b6 4.g3 Ba6 5.b3 Bb4+ 6.Bd2 c5 7.Bg2 Bb7 8.O-O O-O
9.Nc3 cxd4 10.Nxd4 Bxg2 11.Kxg2 d5 12.cxd5 Nxd5 13.Ne4 Qd7 14.Bxb4 Nxb4 15.Qd2 a5
16.Rfd1 N8c6 17.Qg5 f6 18.Qb5 Rad8 19.Nxc6 Qxc6 20.Qxc6 Nxc6 21.Rac1 Nb4
22.Rxd8 Rxd8 23.a3 Nd5 24.Rc6 e5 25.Nd6 Rb8 26.Nc4 Kf7 27.e4 Ne7 28.Rxb6 Rxb6
29.Nxb6 Ke6 30.Nc4 Nc6 31.h4 g6 32.f3 Ke7 33.Kf2 Ke6 34.Ke3 Nd4 35.Nxa5 Nc2+
36.Kd3 Nxa3 37.Nc6 g5 38.h5 Kd6 39.Na7 Kc7 40.Kc3 Kb7 41.Kb2 Nc4+ 42.bxc4 Kxa7
43.Kc3 Kb6 44.Kb4  1-0

[Event "Spring op"]
[Site "Budapest"]
[Date "1989.??.??"]
[Round "?"]
[White "Dautov, Rustem"]
[Black "Utasi, Tamas"]
[Result "1-0"]
[WhiteElo "2535"]
[BlackElo "2345"]

1.d4 Nf6 2.c4 e6 3.Nf3 b6 4.g3 Ba6 5.b3 Bb4+ 6.Bd2 Be7 7.Bg2 c6 8.O-O O-O
9.Ne5 d5 10.Bc3 Nfd7 11.Nxd7 Nxd7 12.Nd2 Rc8 13.Re1 c5 14.cxd5 exd5 15.a3 Nf6
16.b4 Qd7 17.dxc5 bxc5 18.bxc5 Rxc5 19.Bxf6 gxf6 20.Nf3 Rd8 21.Nd4 Bc8 22.e3 Rc3
23.a4 a5 24.Ne2 Rc5 25.Nf4 Qd6 26.Qd2 Be6 27.Nd3 Rc4 28.Qxa5 Qc6 29.Qb5 Qxb5
30.axb5 Rb8 31.Nf4 Rc5 32.Bf1  1-0

[Event "Buenos Aires TB"]
[Site "Buenos Aires"]
[Date "1989.??.??"]
[Round "?"]
[White "Sorin, Ariel"]
[Black "Cid, Marino Alejandro"]
[Result "1/2-1/2"]
[WhiteElo "2410"]
[BlackElo "2285"]

1.d4 Nf6 2.c4 e6 3.Nf3 b6 4.g3 Ba6 5.Qa4 Be7 6.Bg2 Bb7 7.Nc3 O-O 8.Qc2 d5
9.cxd5 exd5 10.O-O Nbd7 11.Bf4 c6 12.Rad1 Re8 13.Ne5 Bf8 14.e4 dxe4 15.Nxe4 Nxe5
16.dxe5 Nd5 17.Ng5 g6 18.Ne4 Qc8 19.Nd6 Bxd6 20.exd6 Qd7 21.Bxd5 cxd5 22.b3 f6
23.h4 Ba6 24.Rfe1 Kf7 25.Kh2 Rad8 26.Qd2 Bb7 27.a4 Rxe1 28.Rxe1 Re8 29.Rc1 Rc8
30.Re1 Re8 31.Rc1 Rc8  1/2-1/2

[Event "Buenos Aires BCA op"]
[Site "Buenos Aires"]
[Date "1989.??.??"]
[Round "8"]
[White "Cativelli, Gerardo"]
[Black "Markeluk, Sergio"]
[Result "0-1"]
[WhiteElo "2250"]
[BlackElo "2360"]

1.d4 Nf6 2.c4 e6 3.Nf3 b6 4.g3 Ba6 5.b3 Bb7 6.Bg2 Bb4+ 7.Bd2 a5 8.O-O O-O
9.Qc2 Qe7 10.Nc3 h6 11.a3 Bxa3 12.e4 Bb4 13.e5 Nh7 14.Ng5 Nxg5 15.Bxb7 Nc6
16.Bxc6 dxc6 17.Bxg5 Qxg5 18.Ne4 Qf5 19.Qe2 Rfd8 20.Rad1 c5 21.f4 Rxd4 22.Rxd4 cxd4
23.g4 Qg6 24.Kh1 Kh8 25.Qg2 Rd8 26.Qf3 d3 27.f5 exf5 28.gxf5 Qc6 29.f6 g6  0-1

[Event "Cannes op"]
[Site "Cannes"]
[Date "1989.??.??"]
[Round "?"]
[White "Andruet, Gilles"]
[Black "Levasseur, Philippe"]
[Result "1-0"]
[WhiteElo "2420"]
[BlackElo "2240"]

1.d4 e6 2.c4 Nf6 3.Nf3 b6 4.g3 Ba6 5.b3 Bb7 6.Bg2 Bb4+ 7.Kf1 Be7 8.Nc3 d5
9.cxd5 Nxd5 10.Nxd5 Bxd5 11.Bb2 Qc8 12.Ne5 Qb7 13.Bxd5 exd5 14.Rc1 O-O 15.Kg2 c5
16.e3 Nd7 17.Nxd7 Qxd7 18.Qf3 Rfd8 19.Rc2 Rac8 20.dxc5 bxc5 21.Rd1 c4 22.bxc4 Qa4
23.Qg4 Bf8 24.Rcd2 Rxc4 25.Qg5 Re8 26.Qxd5 Rc5 27.Qd7 Qe4+ 28.f3 Qa8 29.Bd4  1-0

[Event "Cappelle op"]
[Site "Cappelle"]
[Date "1989.??.??"]
[Round "?"]
[White "Helgason, Reynir"]
[Black "Tompa, Janos"]
[Result "0-1"]
[WhiteElo "2290"]
[BlackElo "2395"]

1.d4 Nf6 2.Nf3 e6 3.c4 b6 4.g3 Ba6 5.b3 Bb7 6.Bg2 Bb4+ 7.Bd2 a5 8.O-O O-O
9.Bc3 Ne4 10.Bb2 d5 11.c5 Qf6 12.Qc1 Ba6 13.e3 Be2 14.Ne5 Bxf1 15.Qxf1 bxc5
16.f3 cxd4 17.Bxd4 Nd2 18.Nxd2 Bxd2 19.Qd3 Bb4 20.Nd7 Qg6 21.Qxg6 hxg6 22.Nxf8 Kxf8
23.Rc1 Bd6 24.f4 c6 25.a4 f6 26.e4 Ke7 27.exd5 cxd5 28.Bf1 Nd7 29.Bb5 e5
30.fxe5 fxe5 31.Be3 Nf6 32.Bg5 Ke6 33.Rc6 Ra7 34.Bd2 Ne4 35.Be1 Ke7 36.Bd3 Nc5
37.Bxg6 Nxb3 38.Kg2 Nc5 39.Bc2 Rb7 40.Bf5 Rb2+ 41.Kh3 Nxa4 42.Bxa5 d4 43.Rc8 Nc5
44.Bd8+ Kf7 45.Rc6 g6 46.Bg4 Ne4 47.Bf3 Nf2+ 48.Kh4 Be7+ 49.Bxe7 Kxe7 50.Rc4 e4
51.Bxe4 Nxe4 52.Rxd4 Rxh2+ 53.Kg4 Nf6+ 54.Kg5 Kf7 55.Ra4 Rh5+ 56.Kf4 Rf5+
57.Ke3  0-1

[Event "Cappelle op"]
[Site "Cappelle"]
[Date "1989.??.??"]
[Round "?"]
[White "Michalet, Guy"]
[Black "Pigott, John C"]
[Result "1/2-1/2"]
[WhiteElo "2215"]
[BlackElo "2380"]

1.d4 Nf6 2.c4 e6 3.Nf3 b6 4.g3 Ba6 5.b3 Bb4+ 6.Bd2 Be7 7.Nc3 c6 8.Bg2 d5
9.Ne5 O-O 10.e3 Nfd7 11.Nxd7 Qxd7 12.cxd5 cxd5 13.Ne2 Nc6 14.a3 Na5 15.Nc1 Rac8
16.Bf1 Bxf1 17.Kxf1 Rc7 18.Kg2 Rfc8 19.Bxa5 bxa5 20.Nd3 Rc3 21.b4 Qb5 22.Nc5 axb4
23.axb4 Qxb4 24.Qa4 Bxc5 25.dxc5 a5 26.Qxa5 Qe4+ 27.Kh3 Qf5+ 28.Kg2 Qe4+
29.Kh3 Rc2 30.Rhf1 h5 31.Ra4 Qf5+ 32.Kg2 e5 33.c6 e4 34.Rd4 h4 35.Qxd5 Qxd5
36.Rxd5 hxg3 37.hxg3 R8xc6 38.Re5 R2c4 39.Rd1 f6  1/2-1/2

[Event "Cheliabinsk"]
[Site "Cheliabinsk"]
[Date "1989.??.??"]
[Round "?"]
[White "Sherbakov, Ruslan"]
[Black "Galliamova, Alisa"]
[Result "1-0"]
[WhiteElo "2360"]
[BlackElo "2370"]

1.d4 Nf6 2.c4 e6 3.Nf3 b6 4.g3 Ba6 5.Nbd2 c5 6.e4 cxd4 7.e5 Ng4 8.h3 Nh6
9.Bg2 Nc6 10.O-O Nf5 11.a3 Qc7 12.b4 Bb7 13.Ne4 h5 14.Bf4 a5 15.b5 Nd8 16.Nxd4 Qxc4
17.Nxf5 exf5 18.Rc1 Qe6 19.Ng5 Qe7 20.Bxb7 Nxb7 21.Qf3 Ra7 22.Rc8+ Nd8 23.Qd5 f6
24.exf6 Qxf6 25.Nf7 Qxf7 26.Rxd8+ Kxd8 27.Qxf7 Bxa3  1-0